| 000 | 00710cam a2200193 4500500 | ||
|---|---|---|---|
| 005 | 20260329021723.0 | ||
| 041 | _afre | ||
| 042 | _adc | ||
| 100 | 1 | 0 |
_aMilstead, Stephen _eauthor |
| 700 | 1 | 0 |
_aKienle, Patricia _eauthor |
| 700 | 1 | 0 |
_aFreudiger, Michael _eauthor |
| 700 | 1 | 0 |
_aBlanc, Ariane _eauthor |
| 700 | 1 | 0 |
_aFleury, Mapi _eauthor |
| 245 | 0 | 0 | _aI had a dream in the clean room: from fragmented guidance to an international hazardous medicinal product list |
| 260 | _c2026. | ||
| 500 | _a2 | ||
| 786 | 0 | _nJournal de Pharmacie Clinique | 45 | 1 | 2026-03-16 | p. 4-6 | 0291-1981 | |
| 856 | 4 | 1 | _uhttps://stm.cairn.info/revue-journal-de-pharmacie-clinique-2026-1-page-4?lang=en&redirect-ssocas=7080 |
| 999 |
_c1914672 _d1914672 |
||